The Little Engine That Could (Registro nro. 65475)
[ vista simple ]
| 000 -LÍDER | |
|---|---|
| Campo fijo de descripción fija | 00882nam a2200241 i 4500 |
| 001 - NÚMERO DE CONTROL | |
| Campo de control | BINCO |
| 003 - IDENTIFICADOR DEL NÚMERO DE CONTROL | |
| Campo de control | CO-MdBIC |
| 005 - FECHA Y HORA DE LA ULTIMA TRANSACCIÓN | |
| control field | 20200316141138.0 |
| 008 - ELEMENTOS DE LONGITUD FIJA -- INFORMACIÓN GENERAL | |
| Campo fijo de descripción fija -- Información general | 200316t1990 us a||a| |||| 00| 0deng d |
| 020 ## - NÚMERO INTERNACIONAL NORMALIZADO PARA LIBROS | |
| Número Internacional Normalizado del libro | 0448405208 |
| 040 ## - FUENTE DE CATALOGACIÓN | |
| Agencia de catalogación original | CO-MdBIC |
| Idioma de catalogación | spa. |
| Agencia que realiza la transcripción | CO-MdBIC |
| Agencia que realiza la modificación | CO-MdBIC |
| 041 ## - CÓDIGO DE IDIOMA | |
| Código de idioma para texto/pista de sonido o título separado | eng |
| 082 ## - NÚMERO DE CLASIFICACIÓN DECIMAL DEWEY | |
| Número de la edición del Dewey | 22 |
| Número de clasificación | 813C |
| Clave de autor-Numero de item | P66le |
| 100 ## - ASIENTO PRINCIPAL--NOMBRE PERSONAL | |
| Nombre personal | Watty, Piper |
| 245 #1 - TÍTULO | |
| Título del Material | The Little Engine That Could |
| Mención de responsabilidad, etc. | / Watty ; Weekly Reader Book ; George and Doris Hauman |
| 250 ## - MENCIÓN DE EDICIÓN | |
| Mención de edición | Weekly Reader Book |
| 264 #1 - PRODUCCIÓN, PUBLICACIÓN, DISTRIBUCIÓN, MANUFACTURA, Y COPYRIGHT | |
| Lugar de producción, publicación, distribución, manufactura | United States : |
| Nombre del productor, publicador, distribuidor | Weekly Reader Book, |
| Fecha de producción, publicación, distribución, manufactura, o copyright | ©1990 |
| 300 ## - DESCRIPCIÓN FÍSICA | |
| Extensión | [21 páginas] : |
| Otros detalles físicos | Ilustraciones a color : |
| Dimensiones | 18 cm |
| 505 00 - NOTA DE CONTENIDO | |
| Nota de contenido con formato preestablecido | Menciona partes del cuerpo, colores, objetos y adjetivos en ingles.<br/>Cuenta la historia de viaje en tren y como enfrentan las dificultades y finalmente la resuelve. |
| 650 ## - ASIENTO SECUNDARIO DE MATERIA - TERMINO TEMÁTICO | |
| Subdivisión de forma | literatura infantil |
| 700 ## - ASIENTO SECUNDARIO - NOMBRE PERSONAL | |
| Nombre personal | Watty Piper |
| Fechas asociadas con el nombre | 1990 |
| Responsabilidad | Escritor |
| 942 ## - TIPO DE MATERIAL (KOHA) | |
| Tipo de Item KOHA | Z- Libro General BINCO |
| Estado de Material | Estado de Perdido | Forma de Clasificación | Estado de Dañado | No para Préstamo | Colección | Biblioteca de Origen | Biblioteca Permanente | Fecha de Adquisición | Forma de Adquisición | Área | Total de Préstamos | Signatura Topográfica | Código de Barras | Última vez visto | Ejemplar/Existencia | Fecha de Remplazo | Tipo de Material |
|---|---|---|---|---|---|---|---|---|---|---|---|---|---|---|---|---|---|
| Dewey Decimal Classification | Colección Junior | Biblioteca Infantil Comunitaria BINCO | Biblioteca Infantil Comunitaria BINCO | 16/03/2020 | Donación | BINCO | 813C P66le | B30423 | 16/03/2020 | 1 | 16/03/2020 | Z- Libro General BINCO |
